000 00534nam a2200181Ia 4500
008 240925s9999 xx 000 0 und d
020 _a201565234
082 _a005.75 MAN
100 _aMannila, Heikki ; Raiha, Katri-Jouka
245 4 _aThe Design of Relational Database
250 _aNA
260 _aWokingham:
_bAddison-Wily Publishing Company
_c,1994.
300 _axii,318p.
_bNA
_fOriginal
500 _aIncludes Index
600 _aComputer Science
650 _aComputer science, information & general works
942 _cBK
999 _c5686
_d5686